[Event "Elista ol (Men)"]
[Site "Elista"]
[Date "1998.10.04"]
[Round "6"]
[White "Ghorbani, Mohsen"]
[Black "Movsesian, Sergei"]
[Result "0-1"]
[WhiteElo "2430"]
[BlackElo "2640"]

1.d4 Nf6 2.Nf3 g6 3.c4 Bg7 4.Nc3 O-O 5.e4 d6 6.Be2 Na6 7.O-O e5 8.Be3 exd4
9.Nxd4 c6 10.f3 Re8 11.Nc2 Be6 12.Rf2 Qe7 13.Bf1 Nh5 14.Nd4 Bd7 15.g4 Nf6
16.Bf4 h5 17.h3 hxg4 18.hxg4 Nh7 19.Qd2 Be5 20.Rd1 Rad8 21.Qe3 Bc8 22.Rfd2 Nc7
23.Bg2 a6 24.Nde2 Ne6 25.Bg3 g5 26.Qb6 Nf4 27.Nxf4 gxf4 28.Bf2 Ng5 29.Rd3 Be6
30.c5 f6 31.R1d2 Nf7 32.cxd6 Bxd6 33.Qa5 Ne5 34.Rxd6 Rxd6 35.Bc5 Qd8 36.Qxd8 Rdxd8
37.Rxd8 Rxd8 38.Be7 Rd3 39.Bxf6 Nxf3+ 40.Bxf3 Rxf3 41.g5 Rd3 42.Ne2 Re3 43.Nc3 Kf7
44.Kf2 Bg4 45.a3 Rf3+ 46.Ke1 Rh3  0-1

[Event "Elista ol (Men)"]
[Site "Elista"]
[Date "1998.10.05"]
[Round "7"]
[White "Ehlvest, Jaan"]
[Black "Ye Jiangchuan"]
[Result "0-1"]
[WhiteElo "2620"]
[BlackElo "2510"]

1.d4 Nf6 2.c4 g6 3.Nc3 Bg7 4.e4 d6 5.Be2 O-O 6.Nf3 e5 7.Be3 Na6 8.O-O Ng4
9.Bg5 Qe8 10.dxe5 dxe5 11.h3 h6 12.Bc1 Nf6 13.Be3 Qe7 14.Nd5 Qd8 15.Qc1 Kh7
16.Rd1 Nd7 17.Rb1 c6 18.Nc3 Qe7 19.Qc2 f5 20.a3 f4 21.Bc1 Nac5 22.b4 Ne6
23.Bb2 a5 24.c5 axb4 25.axb4 Nd4 26.Qd2 Rd8 27.Qe1 Nc2 28.Qd2 Nd4 29.Qe1 Nf8
30.Qf1 Nfe6 31.Nh2 h5 32.Kh1 Ng5 33.f3 Be6 34.Bd3 Rd7 35.Ne2 Nb3 36.Qe1 Rad8
37.Qc3 Qf8 38.Nf1 Qg8 39.Qc2 Kh8 40.Bc3 Qf7 41.Qb2 Rxd3 42.Rxd3 Rxd3 43.Bxe5 Bc4
44.Nxf4 Qxf4 45.Bxg7+ Kh7 46.Be5 Qf7 47.Nh2 Qd7 48.Bd6 Nf7 49.e5 Nh6  0-1

[Event "Elista ol (Men)"]
[Site "Elista"]
[Date "1998.10.05"]
[Round "7"]
[White "Tratar, Marko"]
[Black "Saltaev, Mihail"]
[Result "0-1"]
[WhiteElo "2450"]
[BlackElo "2525"]

1.Nf3 Nf6 2.c4 d6 3.d4 Nbd7 4.Nc3 g6 5.e4 e5 6.Be2 Bg7 7.O-O O-O 8.Be3 Re8
9.d5 Nh5 10.g3 Bf8 11.Ne1 Ng7 12.b4 a5 13.a3 Be7 14.Nd3 f5 15.f3 Nf6 16.Rc1 h5
17.Nf2 Rf8 18.exf5 Nxf5 19.Bd2 axb4 20.axb4 Nh7 21.Nfe4 Bd7 22.f4 Nd4 23.fxe5 dxe5
24.c5 Bf5 25.Bh6 Nxe2+ 26.Qxe2 Rf7 27.Qc4 Bg5 28.Nxg5 Nxg5 29.h4 Nh7 30.Rce1 Qe7
31.Bf4 Bh3 32.Rf2 Qf6 33.Be3 Bf5 34.Ne4 Qa6 35.Nd2 Nf6 36.Qxa6 Rxa6 37.Bg5 Nxd5
38.Rxe5 Nxb4 39.Nc4 Be6 40.Rxf7 Kxf7 41.Re4 Ra1+ 42.Kf2 Nd3+ 43.Ke2 Nxc5
44.Ne5+ Kg7 45.Rd4 Ra2+ 46.Ke3 Ra3+ 47.Ke2 Rxg3 48.Rd8 Ne4  0-1

[Event "Elista ol (Men)"]
[Site "Elista"]
[Date "1998.10.05"]
[Round "7"]
[White "Akesson, Ralf"]
[Black "Komliakov, Viktor"]
[Result "1-0"]
[WhiteElo "2510"]
[BlackElo "2485"]

1.d4 d6 2.Nf3 Nf6 3.c4 g6 4.Nc3 Nbd7 5.e4 e5 6.Be2 Bg7 7.O-O O-O 8.Be3 c6
9.d5 c5 10.Ne1 Ne8 11.Nd3 Qe7 12.Qd2 Nb6 13.b3 f5 14.exf5 e4 15.Nf4 Bxf5
16.g4 Bd7 17.f3 Nf6 18.h3 Qe5 19.Nxe4 Nxe4 20.fxe4 g5 21.Nh5 Be8 22.Rxf8+ Bxf8
23.Qe1 Bxh5 24.gxh5 Bg7 25.Rd1 Nd7 26.Bf2 Nf6 27.Bg3 Qxe4 28.Bg4 Re8 29.Be6+ Kh8
30.Bxd6 Qc2 31.Rd2 Qe4 32.Re2 Qd4+ 33.Kg2 Nxh5 34.Bf7 Rxe2+ 35.Qxe2 Nf6 36.Be5 Qe4+
37.Qxe4 Nxe4 38.Bb8 Bf8 39.Bxa7 Kg7 40.Be6 Nc3 41.a4 Ne2 42.Bc8  1-0

[Event "Elista ol (Men)"]
[Site "Elista"]
[Date "1998.10.06"]
[Round "8"]
[White "Lautier, Joel"]
[Black "Peng Xiaomin"]
[Result "1-0"]
[WhiteElo "2625"]
[BlackElo "2550"]

1.d4 Nf6 2.c4 g6 3.Nc3 Bg7 4.e4 d6 5.Nf3 O-O 6.Be2 e5 7.Be3 Na6 8.O-O Ng4
9.Bg5 Qe8 10.dxe5 dxe5 11.h3 h6 12.Bd2 Nf6 13.Be3 Qe7 14.Nd5 Qd8 15.Nxf6+ Qxf6
16.c5 Nb8 17.Bc4 Nc6 18.Qc1 g5 19.Nd2 Kh8 20.Re1 Qg6 21.Qc2 Rb8 22.Nf1 f5
23.exf5 Bxf5 24.Qa4 Nd4 25.Bxd4 exd4 26.Ng3 Bc2 27.Qb4 d3 28.Re6 Rf6 29.Rae1 Rd8
30.Qd2 Bf8 31.R1e5 b6 32.c6 a5 33.a3 Rd4 34.Ne4 Rxe6 35.Rxe6 Qxe6 36.Bxe6 Rxe4
37.Bf5 Rd4 38.Qe3 Rd6 39.Qe5+ Kg8 40.Be6+ Rxe6 41.Qxe6+ Kg7 42.Qe5+ Kg6 43.Qxc7 d2
44.Qd7  1-0

[Event "Budapest FS10 IM-A"]
[Site "Budapest"]
[Date "1998.10.07"]
[Round "5"]
[White "Khechumyan, Gagik"]
[Black "Farago, Sandor"]
[Result "0-1"]
[WhiteElo "2320"]
[BlackElo "2335"]

1.c4 Nf6 2.Nc3 g6 3.e4 d6 4.d4 Bg7 5.Nf3 O-O 6.Be2 e5 7.dxe5 dxe5 8.Qxd8 Rxd8
9.Bg5 c6 10.Nxe5 Re8 11.O-O-O Na6 12.f4 Nc5 13.Bf3 h6 14.Bxf6 Bxf6 15.Nd3 Nxd3+
16.Rxd3 Be6 17.e5 Bg7 18.Ne4 Bxc4 19.Rd7 Bxa2 20.Rxb7 Reb8 21.Nc3 Rxb7 22.Bxc6 Rb4
23.Bxa8 Be6 24.Be4 f6 25.Re1 fxe5 26.fxe5 Bxe5 27.Bxg6 Bf4+ 28.Kb1 Rb6 29.g3 Bd2
30.Rxe6 Rxe6 31.Bf5 Re5 32.g4 Bxc3 33.bxc3 Re1+ 34.Kc2 Re2+ 35.Kb3 Rxh2 36.Kb4 Kf7
37.Kc5 Ke7 38.Kc6 Rb2  0-1

[Event "Elista ol (Men)"]
[Site "Elista"]
[Date "1998.10.07"]
[Round "9"]
[White "Nickoloff, Bryon"]
[Black "Alarcon, Cesar"]
[Result "1-0"]
[WhiteElo "2410"]
[BlackElo "2135"]

1.d4 Nf6 2.c4 g6 3.Nc3 Bg7 4.e4 d6 5.Be2 O-O 6.Nf3 e5 7.Be3 Na6 8.O-O c6
9.d5 c5 10.Ne1 Nd7 11.Nd3 Qe7 12.Qd2 Nc7 13.Rab1 f5 14.exf5 gxf5 15.f4 e4
16.Nf2 b5 17.Nxb5 Nxb5 18.cxb5 Nb6 19.b3 Qf7 20.Rfd1 Bb7 21.a4 Kh8 22.a5 Nd7
23.Bc4 Rg8 24.b4 Rac8 25.g3 Bf6 26.bxc5 Nxc5 27.Bd4 Rge8 28.Re1 Qg7 29.Bxf6 Qxf6
30.Re3 Na4 31.Rb4 Qa1+ 32.Nd1 Kg8 33.Re1 Nc5 34.a6 Ba8 35.Ne3 Qf6 36.Bf1 Rf8
37.b6 axb6 38.Rxb6 Na4 39.Rb4 Qc3 40.Rd1 Qxd2 41.Rxd2 Rc3 42.Kf2 Ra3 43.Bc4 Kg7
44.Ra2 Rxa2+ 45.Bxa2 Nc5 46.Bc4 Kf6 47.Rb6 Rd8 48.Nc2 h5 49.Nd4 Na4 50.Rb3 Nc5
51.Rb4 Bxd5 52.a7 Bb7 53.Rxb7 Nxb7 54.Bd5 Ra8 55.Nb5 Rxa7 56.Nxa7 Nc5 57.Nc8 Nd3+
58.Ke3 Nb4 59.Bb3 d5 60.Nb6  1-0

[Event "Elista ol (Men)"]
[Site "Elista"]
[Date "1998.10.07"]
[Round "9"]
[White "Avrukh, Boris"]
[Black "Saltaev, Mihail"]
[Result "0-1"]
[WhiteElo "2565"]
[BlackElo "2525"]

1.d4 Nf6 2.c4 d6 3.Nc3 Nbd7 4.Nf3 g6 5.e4 e5 6.Be2 Bg7 7.O-O O-O 8.Be3 Re8
9.d5 Nh5 10.g3 Bf8 11.Ne1 Ng7 12.Nd3 Be7 13.Rc1 f5 14.f3 Rf8 15.Qd2 a5 16.a3 h5
17.b4 Nf6 18.exf5 Nxf5 19.Nf2 Rf7 20.c5 Nxe3 21.Qxe3 axb4 22.axb4 Ra3 23.cxd6 cxd6
24.Qh6 Rg7 25.Nb5 Ra2 26.Qe3 Ne8 27.Bc4 Ra8 28.Ra1 Bf5 29.Bd3 Rxa1 30.Rxa1 Bg5
31.Qe2 Rf7 32.Kg2 Nf6 33.Bxf5 gxf5 34.Qd3 Ne8 35.Ra2 Kg7 36.Rc2 Bh6 37.Rc4 Bg5
38.Qc2 Qb6 39.Nc3 Rf8 40.Qa4 Nf6 41.Qc2 Ne8 42.f4 Bh6 43.Qe2 exf4 44.Qxh5 fxg3
45.hxg3 Qe3 46.Qf3 Rf7 47.Nb5 Qxf3+ 48.Kxf3 Re7 49.Rc8 Bd2 50.Nd4 Kf6 51.b5 Ke5
52.Nb3 Bg5 53.Nd3+ Kxd5 54.Nb4+ Ke6 55.Rb8 Bf6 56.b6 Bc3 57.Nd3 Nf6 58.Rc8 Nd5
59.Nf4+ Nxf4 60.gxf4 Bf6 61.Rc4 Rh7 62.Kg2 Bd8 63.Rb4 Kd5 64.Nc1 Kc6 65.Rc4+ Kxb6
66.Rc8 Rc7 67.Rxd8 Rxc1 68.Rxd6+ Kb5 69.Kg3 Rc5 70.Kh4 Ka5 71.Re6 b5 72.Re5 Kb6
73.Re6+ Kc7 74.Re7+ Kc6 75.Kg3 b4 76.Kf2 b3 77.Re1 b2 78.Rb1 Rb5 79.Ke3 Kd5
80.Kd3 Rb7  0-1

[Event "Elista ol (Men)"]
[Site "Elista"]
[Date "1998.10.07"]
[Round "9"]
[White "Volkov, Sergey"]
[Black "Spasov, Vasil"]
[Result "1/2-1/2"]
[WhiteElo "2605"]
[BlackElo "2595"]

1.d4 Nf6 2.c4 g6 3.Nc3 Bg7 4.e4 d6 5.Be2 O-O 6.Nf3 e5 7.Be3 Ng4 8.Bg5 f6
9.Bh4 Nc6 10.d5 Ne7 11.Nd2 h5 12.h3 Nh6 13.g4 hxg4 14.hxg4 Nf7 15.b4 c5 16.Qb3 b6
17.a4 Bd7 18.a5 Rb8 19.Qa3 Nc8 20.f3 Bh6 21.Bf2 Kg7 22.Rb1 Rh8 23.Kd1 Ne7  1/2-1/2

[Event "Budapest FS10 IM-A"]
[Site "Budapest"]
[Date "1998.10.08"]
[Round "6"]
[White "Petran, Pal"]
[Black "Khechumyan, Gagik"]
[Result "1-0"]
[WhiteElo "2395"]
[BlackElo "2320"]

1.d4 Nf6 2.c4 g6 3.Nc3 Bg7 4.e4 O-O 5.Nf3 d6 6.Be2 Nbd7 7.O-O e5 8.Qc2 exd4
9.Nxd4 Nc5 10.Rd1 Re8 11.f3 a5 12.Be3 Bd7 13.Bf1 Nh5 14.Qd2 f5 15.exf5 gxf5
16.Bf2 f4 17.Re1 Be5 18.Nb3 Nxb3 19.axb3 c5 20.Rad1 Nf6 21.Ne2 Nh5 22.g4 fxg3
23.hxg3 Bc6 24.Bg2 Qf6 25.f4 Rf8 26.Bxc6 bxc6 27.Rf1 Bxb2 28.Qxd6 Rfe8 29.Qxc5 Qg6
30.Rd2 Bg7 31.f5 Qg4 32.Qxc6 Rac8 33.Qd5+ Kh8 34.Qd3 Bf6 35.Bd4 Re4 36.Bxf6+ Nxf6
37.Rf4 Rxf4 38.Nxf4 Rg8 39.Rg2  1-0

[Event "Elista ol (Men)"]
[Site "Elista"]
[Date "1998.10.09"]
[Round "10"]
[White "Ivanisevic, Ivan"]
[Black "Komliakov, Viktor"]
[Result "1-0"]
[WhiteElo "2475"]
[BlackElo "2485"]

1.d4 d6 2.Nf3 Nf6 3.c4 g6 4.Nc3 Nbd7 5.e4 e5 6.Be2 Bg7 7.O-O O-O 8.Re1 Re8
9.Bf1 a6 10.Rb1 exd4 11.Nxd4 c6 12.Bg5 Qc7 13.Rc1 b6 14.Qd2 Bb7 15.f3 Nf8
16.Kh1 Qe7 17.Rcd1 Rad8 18.Bh6 Bxh6 19.Qxh6 N8d7 20.Qg5 Kh8 21.Nc2 Qe5 22.Qd2 Nc5
23.b4 Ne6 24.Ne3 h5 25.Qb2 Kg8 26.c5 b5 27.cxd6 Rxd6 28.Rxd6 Qxd6 29.Ne2 Nd7
30.Rd1 Qe5 31.Qxe5 Nxe5 32.f4 Ng4 33.Nxg4 hxg4 34.Rd7 Bc8 35.Rd6 c5 36.bxc5 Nxc5
37.e5 Be6 38.a3 Rc8 39.Kg1 Bc4 40.Nd4 Bxf1 41.Kxf1 Rb8 42.Ke2 a5 43.Nc6 Ra8
44.Rd5 Ne6 45.Ke3 b4 46.axb4 axb4 47.Nxb4 Ra4 48.Nd3 Ra2 49.Ne1 Ra1 50.Nc2 Rh1
51.Nd4 Re1+ 52.Kf2 Rd1 53.Nf5 Ra1 54.Nh6+ Kg7 55.Nxg4 Nxf4 56.Rd7 Ne6 57.h3 Ra2+
58.Kg3 Ra3+ 59.Kh2 Ra2 60.Ne3 Ra4 61.Kg3 Re4 62.Ng4 Ra4 63.Nf6 g5 64.Ne8+ Kg6
65.Nd6 Rf4 66.Re7 Nd4 67.Re8 Kg7 68.Rc8 Ne2+ 69.Kh2 g4 70.h4 Rf2 71.Rc4 g3+
72.Kh3 Kg6 73.Rg4+ Kh7 74.Ne4 Rf5 75.Ng5+ Kh6 76.Nf3 f6 77.Re4 Nc3 78.Rc4 Nd5
79.Rd4 Nf4+ 80.Kg4  1-0

[Event "Elista ol (Men)"]
[Site "Elista"]
[Date "1998.10.09"]
[Round "10"]
[White "Aderito, Pedro"]
[Black "Smith, Robert W"]
[Result "1-0"]
[WhiteElo "2225"]
[BlackElo "2310"]

1.Nf3 Nf6 2.c4 g6 3.Nc3 Bg7 4.e4 d6 5.d4 O-O 6.Be2 Nbd7 7.O-O e5 8.Re1 exd4
9.Nxd4 Nc5 10.Bf1 Re8 11.f3 c6 12.Nc2 Be6 13.Rb1 a5 14.Bg5 Qc7 15.Qd2 b6
16.Rbd1 Nb7 17.b3 Rac8 18.Nd4 Bd7 19.Kh1 Kh8 20.g4 Ng8 21.Bg2 h6 22.Bf4 Rcd8
23.a3 Nc5 24.Bg3 Kh7 25.b4 axb4 26.axb4 Nb7 27.h3 Be6 28.Qd3 Kh8 29.f4 Bd7
30.Bf2 Ra8 31.Ra1 Red8 32.Bh4 Bf6 33.Bg3 Bg7 34.Rxa8 Rxa8 35.e5 Re8 36.Qe3 dxe5
37.fxe5 Qc8 38.Na4 c5 39.Nxb6 cxd4 40.Qxd4 Qd8 41.Qxd7 Qxd7 42.Nxd7 Nd8 43.c5 Ne6
44.b5 Rc8 45.b6 Nxc5 46.Nxc5 Rxc5 47.Rb1  1-0

[Event "Budapest FS10 IM-A"]
[Site "Budapest"]
[Date "1998.10.10"]
[Round "8"]
[White "Heuer, Thomas"]
[Black "Szuk, Balazs"]
[Result "1-0"]
[WhiteElo "2280"]
[BlackElo "2430"]

1.d4 Nf6 2.Nf3 g6 3.c4 Bg7 4.Nc3 O-O 5.e4 d6 6.Be2 e5 7.O-O exd4 8.Nxd4 Re8
9.f3 Nc6 10.Be3 Nh5 11.Qd2 Nf4 12.Nxc6 Nxe2+ 13.Nxe2 bxc6 14.Bd4 Be5 15.Rfd1 Qh4
16.Bxe5 Rxe5 17.Qf4 Qe7 18.Rac1 Bd7 19.Rd3 f5 20.Ng3 Rf8 21.exf5 Bxf5 22.Ra3 Re1+
23.Kf2 Rxc1 24.Qxc1 Qh4 25.Qe3 Bd7 26.Rxa7 Qxh2 27.Qg5 d5 28.cxd5 Rb8 29.b3 c5
30.d6 Bh3 31.Ne4  1-0

[Event "Elista ol (Men)"]
[Site "Elista"]
[Date "1998.10.10"]
[Round "11"]
[White "Sharavdorj, Dashzeveg"]
[Black "Rubery, Mark"]
[Result "1-0"]
[WhiteElo "2385"]
[BlackElo "2290"]

1.Nf3 Nf6 2.c4 g6 3.Nc3 Bg7 4.e4 d6 5.d4 O-O 6.Be2 Na6 7.O-O e5 8.Be3 Ng4
9.Bg5 Qe8 10.dxe5 dxe5 11.h3 h6 12.Bd2 Nf6 13.Be3 Qe7 14.Nd5 Qd8 15.Qc1 Kh7
16.Rd1 Nd7 17.a3 Nac5 18.Qc2 Ne6 19.b4 c6 20.Nc3 Qe7 21.c5 Nf4 22.Bf1 Nf6
23.Na4 N6h5 24.Nb2 f5 25.Nc4 fxe4 26.Nfd2 Qh4 27.Nxe4 Bxh3 28.gxh3 Nxh3+
29.Bxh3 Qxh3 30.Qe2 Nf4 31.Bxf4 exf4 32.f3 Bxa1 33.Rxa1 Rad8 34.Ncd6 Rd7
35.Rf1 Qh4 36.Rf2 Qe7 37.Rh2 Qe5 38.Qe1 g5 39.Qb1 Kg8 40.Rxh6 Rg7 41.Qa2+  1-0

[Event "Budapest FS10 IM-A"]
[Site "Budapest"]
[Date "1998.10.11"]
[Round "9"]
[White "Khechumyan, Gagik"]
[Black "Kahn, Evarth"]
[Result "0-1"]
[WhiteElo "2320"]
[BlackElo "2325"]

1.c4 Nf6 2.Nc3 g6 3.e4 d6 4.d4 Bg7 5.Nf3 O-O 6.Be2 e5 7.dxe5 dxe5 8.Qxd8 Rxd8
9.Bg5 Nbd7 10.Rd1 Rf8 11.Nd5 c6 12.Ne7+ Kh8 13.Be3 Re8 14.Nxc8 Raxc8 15.h4 Kg8
16.h5 Bf8 17.hxg6 hxg6 18.Ng5 Bc5 19.Nh7 Bxe3 20.Rxd7 Nxd7 21.Bg4 Bh6 22.Rxh6 Kg7
23.Rh3 Rcd8 24.Ng5 Nf6 25.Be2 Rh8 26.Rb3 Rh1+ 27.Bf1 b6 28.Ra3 Rd7 29.g3 Kh6
30.f4 exf4 31.gxf4 Nxe4 32.Nxe4 Re7 33.Kf2 Rxe4 34.Bg2 Rxf4+ 35.Kg3 Rhh4
36.Bxc6 Rxc4 37.Rxa7 Rhg4+ 38.Kf3 Rcf4+ 39.Ke3 Rf5  0-1

[Event "Budapest FS10 IM-A"]
[Site "Budapest"]
[Date "1998.10.12"]
[Round "10"]
[White "Khechumyan, Gagik"]
[Black "Hera, Imre Jr"]
[Result "1/2-1/2"]
[WhiteElo "2320"]
[BlackElo "2345"]

1.c4 Nf6 2.Nc3 g6 3.e4 d6 4.d4 Bg7 5.Nf3 O-O 6.Be2 e5 7.dxe5 dxe5 8.Qxd8 Rxd8
9.Bg5 Rf8 10.Nd5 Nxd5 11.cxd5 c6 12.Nd2 h6 13.Be3 cxd5 14.exd5 Rd8 15.O-O-O Bf5
16.Nb1 Na6 17.Nc3 Rac8 18.Bxa6 bxa6 19.Bxa7 Be4 20.f3 Bxd5 21.Kb1 Be6 22.Bb6 Bf5+
23.Ne4 Rxd1+ 24.Rxd1 Rc4 25.Re1 Bf8 26.b3 Rc6 27.Be3 Be6 28.Bc1 Bg7 29.Bb2 f5
30.Nd2 f4 31.Rc1 Bd5 32.Re1 Be6 33.Ne4 g5 34.h3 Bf5 35.Rc1 Rxc1+ 36.Kxc1 Bd7
37.a4 Kf7 38.Kd2 Kg6 39.Nc5 Bc8 40.Bc3 Kf5 41.Ne4 Bf8 42.Kd3 Be6 43.Nd2 Bd6
44.Nc4 Bc7 45.Bb4 h5 46.Bc5 Bd5 47.Nd2 g4 48.hxg4+ hxg4 49.Ke2 Bc6 50.Kd3 Bd5
51.Ke2 Bc6 52.Kd3 Bd5 53.Ke2 Bc6  1/2-1/2

[Event "Elista ol (Men)"]
[Site "Elista"]
[Date "1998.10.12"]
[Round "13"]
[White "Gretarsson, Helgi Ass"]
[Black "Komliakov, Viktor"]
[Result "0-1"]
[WhiteElo "2480"]
[BlackElo "2485"]

1.d4 d6 2.Nf3 Nf6 3.c4 g6 4.Nc3 Nbd7 5.e4 e5 6.Be2 Bg7 7.O-O O-O 8.Re1 Re8
9.Bf1 a6 10.d5 Nh5 11.b4 Bf8 12.Be3 Be7 13.Rc1 Ng7 14.Nd2 Bg5 15.Na4 Bxe3
16.Rxe3 f5 17.c5 Nf6 18.f3 Bd7 19.Nc4 Rf8 20.cxd6 Bxa4 21.Qxa4 cxd6 22.Qa5 Rc8
23.Qxd8 Rfxd8 24.Ree1 fxe4 25.fxe4 Rc7 26.Rb1 Nge8 27.g3 g5 28.a4 h5 29.Bd3 g4
30.a5 Nh7 31.Rf1 Ng5 32.Rf5 Nf3+ 33.Kg2 Rdc8 34.Rf1 Rxc4 35.Bxc4 Rxc4 36.Rxh5 Nf6  0-1

[Event "Elista ol (Men)"]
[Site "Elista"]
[Date "1998.10.12"]
[Round "13"]
[White "Yermolinsky, Alex"]
[Black "Peng Xiaomin"]
[Result "1/2-1/2"]
[WhiteElo "2625"]
[BlackElo "2550"]

1.d4 Nf6 2.c4 g6 3.Nc3 Bg7 4.e4 d6 5.Be2 O-O 6.Nf3 e5 7.O-O Na6 8.Re1 c6
9.Rb1 Re8 10.Bf1 exd4 11.Nxd4 Ng4 12.h3 Qb6 13.hxg4 Qxd4 14.Qxd4 Bxd4 15.Rd1 Be5
16.f3 Nc5 17.g5 a5 18.Ne2 h6 19.gxh6 f5 20.Nf4 Kh7 21.Nh3 fxe4 22.Ng5+ Kxh6
23.Nxe4+ Kh7 24.Nxc5 dxc5 25.Be3 b6 26.Bd3 Bf5 27.Bxf5 gxf5 28.b3 Ra7 29.Rd3 Rae7
30.Bf2 Bf4 31.Kf1 Kg6 32.Re1 Rxe1+ 33.Bxe1 Rb8 34.Bc3 b5 35.Ke2 bxc4 36.bxc4 a4
37.Rd7 Rb1 38.Ra7 Rg1 39.Kd3 Rd1+ 40.Kc2 Rg1 41.Kd3 Rd1+ 42.Kc2 Rg1  1/2-1/2

[Event "Elista ol (Men)"]
[Site "Elista"]
[Date "1998.10.12"]
[Round "13"]
[White "Veingold, Aleksandr"]
[Black "Amonatov, Farrukh"]
[Result "1/2-1/2"]
[WhiteElo "2485"]
[BlackElo "2240"]

1.d4 Nf6 2.Nf3 g6 3.c4 Bg7 4.Nc3 O-O 5.e4 d6 6.Be2 e5 7.O-O exd4 8.Nxd4 Nc6
9.Be3 Re8 10.f3 Nh5 11.Qd2 f5 12.Nc2 Nf6 13.Bg5 Ne5 14.exf5 Bxf5 15.Nd4 Bd7
16.Nd5 Nf7 17.Bxf6 Bxf6 18.Nb5 c6 19.Nxf6+ Qxf6 20.Nc3 Re5 21.Rf2 Rae8 22.Rd1 Qe7
23.Bf1 Bf5 24.Re2 a6 25.a4 a5 26.Qd4 Rxe2 27.Bxe2 Qe5 28.Qxe5 Rxe5 29.Kf2 Kf8
30.Rd2 g5 31.Bd3 Ke7 32.h3 h6 33.Bxf5 Rxf5 34.Ne4 Ke6 35.Rd3 b5 36.cxb5 cxb5
37.Nc3 Ne5 38.Rd4 bxa4 39.Ke2 Rf4 40.Rxa4 Rxa4 41.Nxa4 Kd5 42.g3 Kd4 43.f4 gxf4
44.gxf4 Nd7 45.Nc3 d5 46.Kf3 Nf6 47.Na2 Nd7  1/2-1/2

[Event "NRW Sportland Cup Masters"]
[Site "Senden"]
[Date "1998.10.14"]
[Round "7"]
[White "Gold, Guido"]
[Black "Mielke, Moritz"]
[Result "1/2-1/2"]
[WhiteElo "1740"]
[BlackElo "2035"]

1.d4 Nf6 2.c4 g6 3.Nc3 Bg7 4.e4 d6 5.Nf3 O-O 6.Be2 Na6 7.O-O e5 8.d5 Nc5
9.Qc2 a5 10.Nd2 Bd7 11.Nb3 Nxb3 12.Qxb3 b6 13.Bd2 Ne8 14.Bd3 f5 15.f3 f4
16.g4 Bf6 17.Kf2 Bh4+  1/2-1/2

[Event "NRW Sportland Cup Masters"]
[Site "Senden"]
[Date "1998.10.15"]
[Round "8"]
[White "Handke, Florian"]
[Black "Kemper, Meinolf"]
[Result "1-0"]
[WhiteElo "2310"]
[BlackElo "2085"]

1.d4 Nf6 2.c4 g6 3.Nc3 Bg7 4.e4 d6 5.Be2 O-O 6.Nf3 e5 7.d5 Nbd7 8.Bg5 h6
9.Bh4 a6 10.Nd2 Qe8 11.O-O Nh7 12.Rc1 Kh8 13.b4 Rg8 14.c5 f5 15.f3 Bf8 16.Nc4 f4
17.Bf2 g5 18.g4 fxg3 19.hxg3 g4 20.f4 Qh5 21.Qe1 Qh3 22.Be3 exf4 23.Rxf4 Ne5
24.Nxe5 dxe5 25.Rf7 Rg7 26.Bf1 Qh5 27.Rf2 Rg8 28.Qd2 Qg6 29.Bc4 b5 30.Bb3 Bg7
31.Rcf1 Nf6 32.Rh2 h5 33.d6 Rd8 34.Bg5 cxd6 35.Bxf6 Bxf6 36.Rxf6 Qxf6 37.Rxh5+ Kg7
38.Rg5+ Kf8 39.Rg8+ Ke7 40.Nd5+  1-0

[Event "Young Masters"]
[Site "Honra"]
[Date "1998.10.16"]
[Round "7"]
[White "Durao, Pedro"]
[Black "Andrade, Leonardo"]
[Result "1-0"]
[WhiteElo "2140"]
[BlackElo "2235"]

1.d4 Nf6 2.c4 g6 3.Nc3 Bg7 4.e4 O-O 5.Be2 d6 6.Nf3 e5 7.d5 Na6 8.Bg5 h6 9.Bh4 g5
10.Bg3 Nh5 11.h4 g4 12.Nh2 Nxg3 13.fxg3 h5 14.O-O f5 15.exf5 Bxf5 16.Bd3 Qd7
17.Bxf5 Rxf5 18.Qc2 Raf8 19.Ne4 Bh6 20.Rxf5 Rxf5 21.Rf1 Kg7 22.Ng5 Rxf1+
23.Nxf1 Bxg5 24.hxg5 Qf7 25.Ne3 Qg6 26.Nf5+ Kh7 27.Qf2 Qxg5 28.Nh4 Kg7 29.Qxa7 Nc5
30.Qb8 Ne4 31.Qxc7+ Kh6 32.Kh2 Qf6 33.Qe7 Kg5 34.Qxf6+ Kxf6 35.b4 b6 36.a4 Nd2
37.a5 Nxc4 38.a6 b5 39.a7 Nb6 40.Kg1 e4 41.Kf2 Ke5 42.Ng6+ Kxd5 43.Nf4+ Kc6
44.Nxh5 Kb7 45.Nf6 d5 46.Nxg4 d4 47.Nf6 e3+ 48.Ke2 Kxa7 49.g4 Nc4 50.g5 Ne5
51.Nd5 Ng6 52.g3 Kb7 53.Nf4 Ne7 54.g6 Kc6 55.g7 Kd6 56.Kf3 e2 57.Kxe2 Ng8
58.Kd3 Ke5 59.Ne2 Kf6  1-0

[Event "VAM Hoogeveen op"]
[Site "Hoogeveen"]
[Date "1998.10.17"]
[Round "2"]
[White "Tindall, Brett"]
[Black "Van der Veen, Jan"]
[Result "1-0"]
[WhiteElo "2275"]
[BlackElo "2105"]

1.Nf3 Nf6 2.d4 g6 3.c4 Bg7 4.Nc3 O-O 5.e4 d6 6.Be2 e5 7.O-O Nbd7 8.Bg5 h6
9.Bh4 g5 10.Bg3 Nh5 11.d5 Nf4 12.Bxf4 exf4 13.Nd4 Ne5 14.Nf5 Bxf5 15.exf5 f3
16.Bxf3 Nxc4 17.Be2 Nxb2 18.Qd2 Bxc3 19.Qxc3 Na4 20.Qd4 Nc5 21.f4 Nd7 22.fxg5 Qxg5
23.f6 Rfe8 24.Bb5 Rad8 25.Bxd7 Rxd7 26.Rf3 Kh8 27.Raf1 Re5 28.Rg3 Qh5 29.Qxa7 Rd8
30.Qxb7 Rxd5 31.Qxc7 Rg8 32.Rxg8+ Kxg8 33.a4 Rd2 34.Qb8+ Kh7 35.Qb1+ Kh8
36.Qe4 Qe2 37.Qxe2 Rxe2 38.Ra1 Kh7 39.a5 Kg6 40.a6 Re8 41.a7 Ra8 42.Ra6 Kf5
43.Kf2 Ke6 44.Ke2 Kd5 45.Kd3 Kc5 46.Ra2 d5 47.Ra1 Kb6 48.Kd4 Kb7 49.g4  1-0

[Event "BEL-chT9899"]
[Site "Antwerp"]
[Date "1998.10.18"]
[Round "1"]
[White "Tolk, Peter"]
[Black "Hausrath, Daniel"]
[Result "0-1"]
[WhiteElo "2290"]
[BlackElo "2385"]

1.d4 Nf6 2.Nf3 g6 3.c4 Bg7 4.Nc3 O-O 5.e4 d6 6.Be2 e5 7.d5 a5 8.Bg5 Na6 9.Nd2 Qe8
10.a3 Bd7 11.b3 h6 12.Be3 c5 13.dxc6 bxc6 14.Bb6 Nc5 15.O-O Ne6 16.b4 axb4
17.axb4 Qe7 18.Ra5 Rab8 19.c5 dxc5 20.bxc5 Bc8 21.Ra7 Rb7 22.Rxb7 Bxb7 23.Qb3 Nd7
24.Bc4 Nexc5 25.Bxc5 Nxc5 26.Qb4 Bf6 27.Rb1 Rd8 28.Nf3 Rd7 29.h3 Kg7 30.Be2 Ne6
31.Qxe7 Rxe7 32.Na4 c5 33.Nd2 Bg5 34.Nc4 Bxe4 35.Re1 Bc6 36.Nab6 e4 37.Ne5 Bb7
38.Bc4 Nd4 39.Ned7 e3 40.fxe3 Bxe3+ 41.Kh1 Nf5 42.Bd3 Nh4 43.Bf1 Nf5 44.Bd3 Ng3+
45.Kh2 Nh5 46.Rb1 Bc6 47.Bb5 Bf4+ 48.Kg1 Bxb5 49.Rxb5 Bg3 50.Rb1 c4 51.Nc5 c3
52.Rc1 Nf4 53.Kf1 Re2 54.Ra1 Rf2+ 55.Kg1 Rxg2+  0-1

[Event "BL2-W9899"]
[Site "Germany"]
[Date "1998.10.18"]
[Round "1.3"]
[White "Kalka, Arkadius Georg"]
[Black "Hubert, Ralf"]
[Result "1/2-1/2"]
[WhiteElo "2320"]
[BlackElo "2350"]

1.d4 Nf6 2.c4 g6 3.Nc3 Bg7 4.e4 O-O 5.Nf3 d6 6.Be2 e5 7.O-O Na6 8.Re1 exd4
9.Nxd4 Nc5 10.Bf1 Re8 11.f3 Nh5 12.Be3 Ne6 13.Nxe6 Rxe6 14.Qd2 Bd7 15.Rad1 b6
16.b4 a5 17.b5 Re5 18.Nd5 Nf6 19.Bg5 Rc8 20.f4 Rxg5 21.fxg5 Ng4 22.h3 Ne5
23.Qf4 Be6 24.Be2 Kh8 25.Rf1 Qf8 26.Qh4 Bxd5 27.cxd5 Re8 28.Qf4 Kg8 29.h4 Nd7
30.Rf3 Be5 31.Qg4 Nc5 32.Bd3 Re7 33.Bc2 Qe8 34.a4 Bg7 35.Re1 Re5 36.Ref1 Re7
37.Re1 Nd7 38.Rh3 Ne5 39.Qf4 Qc8 40.Rf1 Qg4 41.Qe3 Qc8 42.h5 Qg4 43.Bd1 Nc4
44.Bxg4 Nxe3 45.Rxe3 Bd4 46.Re1 Rxe4 47.Kf2 Rxg4 48.Kf3 Rxg5 49.Re8+ Kg7
50.hxg6 hxg6 51.R1e7 Bf6 52.Rxc7 Rxd5 53.Rb8 Rf5+ 54.Ke3 Bh4 55.g4 Bg5+ 56.Kd3 Rf3+
57.Kc2 Rf4 58.Rbb7 Bh4 59.Rd7 Bf2 60.g5 Bc5 61.Kd3 Rf5 62.Ke4 Bg1 63.Rbc7 Bh2
64.Rb7  1/2-1/2

[Event "VAM Hoogeveen op"]
[Site "Hoogeveen"]
[Date "1998.10.18"]
[Round "3"]
[White "Mikhalevski, Victor"]
[Black "Sherzer, Alex"]
[Result "1-0"]
[WhiteElo "2540"]
[BlackElo "2470"]

1.d4 Nf6 2.c4 g6 3.Nc3 Bg7 4.e4 d6 5.Nf3 O-O 6.Be2 e5 7.O-O exd4 8.Nxd4 Re8
9.f3 Nc6 10.Be3 Nh5 11.f4 Nf6 12.Bf3 Bg4 13.Nde2 Qd7 14.Rc1 h5 15.Kh1 h4
16.Qd2 Rad8 17.b3 Kh7 18.f5 h3 19.Bg5 Ne5 20.Bxg4 hxg2+ 21.Kxg2 Nfxg4 22.h3 Nh6
23.f6 Bf8 24.Rf4 d5 25.cxd5 Kg8 26.Rh4 Nf5 27.exf5 Qxf5 28.Rf1 Qd3 29.Qxd3 Nxd3
30.Rd1 Nb4 31.d6 Rxd6 32.Rxd6 Bxd6 33.Bh6 g5 34.Bxg5 Nxa2 35.Ne4 Be5 36.N2g3 Nb4
37.Bh6 Bxg3 38.Kxg3  1-0

[Event "SWE-chT 9899"]
[Site "Sweden"]
[Date "1998.10.18"]
[Round "3"]
[White "Dzevlan, Miralem"]
[Black "Ostergaard, Dan"]
[Result "1-0"]
[WhiteElo "2435"]
[BlackElo "2280"]

1.d4 Nf6 2.c4 g6 3.Nc3 Bg7 4.e4 d6 5.Nf3 O-O 6.Be2 e5 7.Be3 h6 8.O-O Ng4
9.Bc1 Nc6 10.d5 Ne7 11.h3 Nf6 12.c5 Ne8 13.cxd6 cxd6 14.Nd2 f5 15.exf5 Nxf5
16.Bd3 Nf6 17.Nc4 a6 18.a4 Nh5 19.a5 Nh4 20.Nb6 Nxg2 21.Kxg2 Bxh3+ 22.Kxh3 Nf4+
23.Bxf4 Rxf4 24.Ne4 Qh4+ 25.Kg2 Rg4+ 26.Ng3 Rf8 27.Qe1 e4 28.Be2 Rgf4 29.Nc4 Bd4
30.Ne3 Be5 31.f3 Qg5 32.Ng4 Bxb2 33.Nxe4 Qxd5 34.Rd1  1-0

[Event "VAM Hoogeveen op"]
[Site "Hoogeveen"]
[Date "1998.10.22"]
[Round "7"]
[White "Wunnink, Michael"]
[Black "Van der Veen, Jan"]
[Result "1-0"]
[WhiteElo "2105"]
[BlackElo "2105"]

1.Nf3 Nf6 2.c4 g6 3.Nc3 Bg7 4.e4 d6 5.d4 O-O 6.Be2 e5 7.O-O Nbd7 8.Be3 c6
9.d5 c5 10.Ne1 Ne8 11.g4 f5 12.exf5 gxf5 13.gxf5 Ndf6 14.Bd3 e4 15.Nxe4 Nxe4
16.Bxe4 Bxf5 17.Qd3 Qd7 18.Bxf5 Rxf5 19.Kh1 Nf6 20.Rg1 Rh5 21.Nf3 Ng4 22.Rg2 Qf7
23.Qe2 Nxe3 24.fxe3 Kh8 25.Ng5 Qe8 26.Ne6 Be5 27.Nc7  1-0

[Event "VAM Hoogeveen op"]
[Site "Hoogeveen"]
[Date "1998.10.22"]
[Round "7"]
[White "Ligterink, Gert"]
[Black "De Jong, Migchiel"]
[Result "1/2-1/2"]
[WhiteElo "2425"]
[BlackElo "2280"]

1.d4 Nf6 2.c4 g6 3.Nc3 Bg7 4.e4 d6 5.Nf3 O-O 6.Be2 Na6 7.O-O e5 8.Be3 Ng4
9.Bg5 Qe8 10.dxe5 dxe5 11.h3 h6 12.Bd2 Nf6 13.Be3 Qe7 14.Nd5 Qd8 15.Nxf6+ Qxf6
16.c5 Nb8 17.Bc4 Nc6 18.Qc1 g5 19.Nd2 a5 20.Nb1 Nd4 21.Nc3 c6 22.Bxd4 exd4
23.Ne2 d3 24.Bxd3 Qxb2 25.Qe3 Be6  1/2-1/2